000 00793nam a2200241 i 4500
001 67689
003 ES-MaACL
005 20230906170130.0
007 t|
008 040611s2003 sp ||||1| spa d
020 _a84-933486-0-0
080 _a316.485
080 _a316.772.4
100 1 _aFernández Millán, Juan Manuel.
_949927
245 1 4 _aLos conflictos
_b: dinámica y resolución : (taller para desarrollar habilidades como mediador) /
_cJuan M. Fernández Millán.
260 _a[Melilla] :
_bUNED-Melilla,
_c[2003]
300 _a94 p. :
_bil. gráf. ;
_c20 cm.
504 _aBibliografía: p. 93-94.
650 1 4 _aGestión de conflictos.
_913111
650 1 4 _aMediación.
_914881
650 1 4 _aComunicación interpersonal.
_911200
852 _aES-MaACL
_jL-27902
_bR.133511
999 _c67689
_d67689